[Event "Santiago de Compostela Bicapawn GP B4"]
[Site "Santiago de Compostela"]
[Date "2022.10.21"]
[Round "1"]
[White "Martinez Dourado, Daniel"]
[Black "Kuzubov, Yuriy"]
[Result "0-1"]
[WhiteElo "1837"]
[BlackElo "2612"]
[PlyCount "80"]
[EventDate "2022.10.21"]
[EventType "swiss (blitz)"]
[EventRounds "9"]
[EventCountry "ESP"]
[SourceTitle "CBM 210 Extra"]
[Source "ChessBase"]
[SourceDate "2022.11.30"]
[SourceVersion "1"]
[SourceVersionDate "2022.11.30"]
[SourceQuality "1"]

1. e4 c5 2. Nf3 Nc6 3. d4 cxd4 4. Nxd4 g6 5. Nc3 Bg7 6. Be3 Nf6 7. Bc4 d6 8. f3 Qb6 9. Nf5 Qxb2 10. Nxg7+ Kf8 11. Nd5 Nxd5 12. Bxd5 Kxg7 13. Bc1 Qc3+ 14. Kf2 f6 15. Rb1 Rd8 16. h4 h5 17. Bb2 Qc5+ 18. Kg3 Bd7 19. Qd2 Rac8 20. Bc1 Rh8 21. Rd1 b6 22. Qe2 Ne5 23. Bb3 Bb5 24. Qf2 Qxf2+ 25. Kxf2 Bc4 26. Be3 Rc7 27. Rd2 Rhc8 28. Rbd1 b5 29. Bd4 Nf7 30. f4 Nh6 31. Ba1 Ng4+ 32. Kf3 a5 33. g3 a4 34. Bxc4 Rxc4 35. c3 Kf7 36. Rd4 Rxd4 37. Rxd4 Ke6 38. Rb4 Rc5 39. Bb2 Kd7 40. Bc1 Rxc3+ 0-1

[Event "Santiago de Compostela Bicapawn GP B1"]
[Site "Santiago de Compostela"]
[Date "2022.10.19"]
[Round "8"]
[White "Martinez Dourado, Daniel"]
[Black "Van Dael, Siem"]
[Result "0-1"]
[WhiteElo "1837"]
[BlackElo "2359"]
[PlyCount "54"]
[EventDate "2022.10.19"]
[EventType "swiss (blitz)"]
[EventRounds "9"]
[EventCountry "ESP"]
[SourceTitle "EXT 2024"]
[Source "ChessBase"]
[SourceDate "2023.10.10"]
[SourceVersion "1"]
[SourceVersionDate "2023.10.10"]
[SourceQuality "1"]

1. e4 c5 2. Nf3 d6 3. d4 cxd4 4. Nxd4 Nf6 5. Nc3 a6 6. Be3 e6 7. g4 Nc6 8. g5 Nd7 9. h4 Qc7 10. Qd2 Nde5 11. 0-0-0 Nxd4 12. Qxd4 Nc6 13. Qd2 b5 14. a3 Rb8 15. f4 Bd7 16. Bh3 Qa5 17. Qf2 b4 18. Nb1 bxa3 19. Nxa3 Qb4 20. c3 Qb3 21. Qc2 Qb7 22. f5 Na5 23. fxe6 fxe6 24. e5 d5 25. Bd4 Bxa3 26. bxa3 Nb3+ 27. Kb1 Nxd4+ 0-1

[Event "Guimaraes 2nd"]
[Site "Guimaraes"]
[Date "2018.10.07"]
[Round "7"]
[White "Martinez Dourado, Daniel"]
[Black "Goncalves, Lucas Jordao"]
[Result "1-0"]
[WhiteElo "1764"]
[BlackElo "1401"]
[PlyCount "51"]
[EventDate "2018.10.04"]
[EventType "swiss"]
[EventRounds "7"]
[EventCountry "POR"]
[SourceTitle "CBM 186 Extra"]
[Source "ChessBase"]
[SourceDate "2018.08.24"]
[SourceVersion "1"]
[SourceVersionDate "2018.08.24"]
[SourceQuality "1"]

1. e4 e5 2. Nf3 Nc6 3. Bc4 Bc5 4. 0-0 d6 5. c3 Nf6 6. d3 h6 7. Bb3 0-0 8. Nbd2 a6 9. a4 Ne7 10. Nc4 Ng6 11. Be3 Ba7 12. Bxa7 Rxa7 13. Ne3 Ng4 14. Nf5 Nf6 15. h3 Bxf5 16. exf5 Ne7 17. g4 Nh7 18. Qe2 a5 19. Rae1 Ra6 20. Nd2 Nf6 21. f4 Nc6 22. g5 hxg5 23. fxg5 Nh7 24. h4 Rb6 25. Qh5 e4 26. g6 1-0